| 000 | 00658nam a2200217 a 4500 | ||
|---|---|---|---|
| 001 | BRL_736 | ||
| 005 | 20190320210856.0 | ||
| 008 | 300913s1969----enkao#####---#000-0#eng-# | ||
| 041 | _aeng | ||
| 044 | _aenk | ||
| 050 | 4 |
_aND2644 _b.R63 1969 |
|
| 100 | 1 |
_aRodrÃguez, Antonio _94979 |
|
| 245 | 1 | 0 |
_aA history of mexican mural painting _cAntonio RodrÃguez ; translation from Spanish and from German by Marina Corby |
| 260 |
_aLondon _bThames & Hudson _c1969 |
||
| 300 |
_a[518] p. _bil. (algunas a color) _c31 cm. |
||
| 500 | _aAu795 | ||
| 650 | 1 | 4 |
_aPintura mural mexicana _924790 |
| 700 | 1 |
_aCorby, Marina _etr. _924791 |
|
| 902 | _aGRL | ||
| 942 |
_2lcc _cB |
||
| 999 |
_c9548 _d9548 |
||